[Event "IBCA Wch Blind and Visually imp (Women)"]
[Site "Solec Zdroj"]
[Date "2018.08.14"]
[Round "2.2"]
[White "Stolarczyk, Anna"]
[Black "Karsokaite, Irena"]
[Result "1-0"]
[WhiteElo "1987"]
[BlackElo "1541"]
[PlyCount "111"]
[EventDate "2018.08.14"]
[EventType "swiss"]
[EventRounds "9"]
[EventCountry "POL"]
[SourceTitle "EXT 2024"]
[Source "ChessBase"]
[SourceDate "2023.10.10"]
[SourceVersion "1"]
[SourceVersionDate "2023.10.10"]
[SourceQuality "1"]

1. Nf3 d5 2. g3 Nf6 3. Bg2 e6 4. 0-0 Be7 5. b3 0-0 6. Bb2 Nbd7 7. d3 c6 8. Nbd2 h6 9. e4 dxe4 10. dxe4 Nc5 11. e5 Nfe4 12. Qe2 Nxd2 13. Nxd2 Qc7 14. Rfd1 Bd7 15. Nc4 Rad8 16. a4 Bc8 17. b4 Rxd1+ 18. Qxd1 Nd7 19. Qe1 Nb6 20. Ne3 Nd5 21. Nxd5 cxd5 22. Qd2 b6 23. Bf1 Bb7 24. Bd4 Rc8 25. Bd3 a5 26. c3 axb4 27. cxb4 Bd8 28. f4 Ra8 29. f5 Bg5 30. Qf2 Ba6 31. b5 Bc8 32. h4 Bd8 33. Qf4 exf5 34. Qf3 Be6 35. Qe3 Rb8 36. Rc1 Qe7 37. Qd2 Ra8 38. Ra1 Qb7 39. Bc2 Be7 40. Qf2 Bd8 41. Bxf5 Bxf5 42. Qxf5 Qe7 43. Qf2 Qc7 44. Qe3 Qc4 45. Bxb6 Bxb6 46. Qxb6 Rxa4 47. Rxa4 Qxa4 48. Qd8+ Kh7 49. Qxd5 Qa1+ 50. Kf2 Qb2+ 51. Ke3 Kg8 52. e6 fxe6 53. Qxe6+ Kh7 54. b6 Qa3+ 55. Kf4 Qb4+ 56. Qe4+ 1-0

[Event "LTU-chT (Women)"]
[Site "Lithuania"]
[Date "2018.04.15"]
[Round "5.3"]
[White "Karsokaite, Irena"]
[Black "Marcinkeviciene, Egle"]
[Result "1/2-1/2"]
[WhiteElo "1556"]
[BlackElo "1550"]
[PlyCount "63"]
[EventDate "2018.03.24"]
[EventType "team-tourn"]
[EventRounds "5"]
[EventCountry "LTU"]
[SourceTitle "EXT 2019"]
[Source "ChessBase"]
[SourceDate "2018.10.10"]
[SourceVersion "1"]
[SourceVersionDate "2018.10.10"]
[SourceQuality "1"]
[WhiteTeam "Vilnius LASF (W)"]
[BlackTeam "Kaunas Margiris (W) II"]
[WhiteTeamCountry "LTU"]
[BlackTeamCountry "LTU"]

1. e4 c6 2. d4 d5 3. exd5 cxd5 4. Bd3 Nc6 5. Nf3 Bg4 6. c3 g6 7. h3 Bxf3 8. Qxf3 Bg7 9. 0-0 e6 10. Bf4 a6 11. Nd2 Nge7 12. Rae1 0-0 13. Qe3 b5 14. a3 Qd7 15. Nf3 Rfe8 16. Bh6 Nc8 17. Bxg7 Kxg7 18. h4 h5 19. Qg5 Qe7 20. Qxe7 N8xe7 21. Ng5 Na5 22. Re2 Nc4 23. Rfe1 Ng8 24. Nf3 Ne7 25. Ne5 Rac8 26. Nf3 Ra8 27. Ne5 Ra7 28. g3 Rc8 29. Nf3 Re8 30. Ng5 Ng8 31. Nf3 Ne7 32. Ne5 1/2-1/2

[Event "LTU-ch blind and visually impaired (W)"]
[Site "Kaunas"]
[Date "2018.04.11"]
[Round "7.1"]
[White "Skerute, Irena"]
[Black "Karsokaite, Irena"]
[Result "1/2-1/2"]
[WhiteElo "1416"]
[BlackElo "1556"]
[PlyCount "38"]
[EventDate "2018.04.07"]
[EventType "tourn"]
[EventRounds "6"]
[EventCountry "LTU"]
[SourceTitle "EXT 2024"]
[Source "ChessBase"]
[SourceDate "2023.10.10"]
[SourceVersion "1"]
[SourceVersionDate "2023.10.10"]
[SourceQuality "1"]

1. c4 e5 2. Nc3 Nc6 3. Nf3 Nf6 4. d3 d6 5. Bg5 Be7 6. h3 h6 7. Bh4 0-0 8. a3 a6 9. Bg3 Be6 10. e3 Rb8 11. Be2 b5 12. c5 Na5 13. cxd6 cxd6 14. 0-0 Rc8 15. d4 e4 16. Nd2 d5 17. Rc1 Bd6 18. Bxd6 Qxd6 19. b4 Nc4 1/2-1/2

[Event "LTU-ch blind and visually impaired (W)"]
[Site "Kaunas"]
[Date "2018.04.09"]
[Round "4.3"]
[White "Diniene, Elena"]
[Black "Karsokaite, Irena"]
[Result "0-1"]
[WhiteElo "1352"]
[BlackElo "1556"]
[PlyCount "67"]
[EventDate "2018.04.07"]
[EventType "tourn"]
[EventRounds "6"]
[EventCountry "LTU"]
[SourceTitle "EXT 2024"]
[Source "ChessBase"]
[SourceDate "2023.10.10"]
[SourceVersion "1"]
[SourceVersionDate "2023.10.10"]
[SourceQuality "1"]

1. e4 e5 2. Nf3 Nc6 3. c3 Nf6 4. d3 Be7 5. Be2 0-0 6. 0-0 h6 7. h3 d6 8. a3 a6 9. Be3 b6 10. Nbd2 Bb7 11. d4 exd4 12. cxd4 Nh7 13. d5 Ne5 14. Nd4 Bc8 15. f4 Ng6 16. Nc6 Qe8 17. Nf3 Bf6 18. Qc2 a5 19. Nfd4 Bxd4 20. Nxd4 Nf6 21. Bf3 Nxd5 22. Bc1 Ndxf4 23. Bxf4 Nxf4 24. e5 Qxe5 25. Qc3 Ra7 26. Rae1 Qg5 27. Kh2 Bb7 28. Nc6 Bxc6 29. Bxc6 Nd5 30. Qf3 Nf6 31. Re3 Qh5 32. Qg3 Qg5 33. Qe1 Qc5 34. Qc3 0-1

[Event "LTU-ch blind and visually impaired (W)"]
[Site "Kaunas"]
[Date "2018.04.07"]
[Round "1.2"]
[White "Karsokaite, Irena"]
[Black "Sidaraviciute, Ruta"]
[Result "1/2-1/2"]
[WhiteElo "1556"]
[BlackElo "1480"]
[PlyCount "28"]
[EventDate "2018.04.07"]
[EventType "tourn"]
[EventRounds "6"]
[EventCountry "LTU"]
[SourceTitle "EXT 2024"]
[Source "ChessBase"]
[SourceDate "2023.10.10"]
[SourceVersion "1"]
[SourceVersionDate "2023.10.10"]
[SourceQuality "1"]

1. e4 d5 2. exd5 Qxd5 3. Nc3 Qa5 4. d4 Nf6 5. Nf3 Bg4 6. Be2 Nc6 7. 0-0 0-0-0 8. Ng5 Bxe2 9. Nxe2 Ng4 10. h3 Nh6 11. c3 e6 12. Qc2 Be7 13. Nf3 Qf5 14. Qxf5 Nxf5 1/2-1/2

[Event "LTU-chT (Women)"]
[Site "Vilnius"]
[Date "2017.03.18"]
[Round "6.2"]
[White "Karsokaite, Irena"]
[Black "Idzeliene, Asta"]
[Result "1/2-1/2"]
[WhiteElo "1584"]
[BlackElo "1628"]
[PlyCount "69"]
[EventDate "2017.01.28"]
[EventType "team-tourn"]
[EventRounds "7"]
[EventCountry "LTU"]
[SourceTitle "EXT 2018"]
[Source "ChessBase"]
[SourceDate "2017.10.13"]
[SourceVersion "1"]
[SourceVersionDate "2017.10.13"]
[SourceQuality "1"]
[WhiteTeam "LASF (W)"]
[BlackTeam "Klaipeda Jura (W)"]
[WhiteTeamCountry "LTU"]
[BlackTeamCountry "LTU"]

1. e4 e5 2. Nf3 Nf6 3. Nc3 Bc5 4. Bc4 d6 5. d3 Be6 6. Bxe6 fxe6 7. 0-0 Nbd7 8. Na4 Qe7 9. Nxc5 Nxc5 10. h3 h6 11. Be3 Ncd7 12. a3 0-0-0 13. b4 g5 14. Nh2 Rdg8 15. f3 h5 16. Rf2 Qg7 17. c4 g4 18. fxg4 hxg4 19. Nxg4 Nxg4 20. Qxg4 Qh7 21. Qxe6 Rg6 22. Qf5 Rf8 23. Qxf8+ Nxf8 24. Rxf8+ Kd7 25. Raf1 Rg7 26. R1f3 Qg6 27. g3 b6 28. Kg2 c6 29. Ra8 Ke6 30. Raf8 Qh5 31. g4 Qh4 32. Bf2 Qg5 33. Be3 Qh4 34. Bf2 Qh7 35. R8f6+ 1/2-1/2

[Event "LTU-ch Blind and Visually Impaired"]
[Site "Kaunas"]
[Date "2017.02.08"]
[Round "3.2"]
[White "Karsokaite, Irena"]
[Black "Staskeviciute, Darija"]
[Result "0-1"]
[WhiteElo "1584"]
[BlackElo "1319"]
[PlyCount "74"]
[EventDate "2017.02.07"]
[EventType "tourn"]
[EventRounds "8"]
[EventCountry "LTU"]
[SourceTitle "EXT 2024"]
[Source "ChessBase"]
[SourceDate "2023.10.10"]
[SourceVersion "1"]
[SourceVersionDate "2023.10.10"]
[SourceQuality "1"]

1. e4 c5 2. Nf3 Nc6 3. d3 d6 4. Be2 Nf6 5. 0-0 e6 6. Nbd2 Be7 7. c4 0-0 8. b3 b6 9. Bb2 Bb7 10. h3 Qc7 11. Nh2 d5 12. Ng4 Nxg4 13. Bxg4 Ne5 14. Qe2 Bf6 15. Bxe5 Bxe5 16. Rae1 Bc3 17. Rd1 Rad8 18. Bf3 Qf4 19. g3 Qh6 20. Kg2 Bxd2 21. Rxd2 dxe4 22. Bxe4 Bxe4+ 23. f3 Bb7 24. Rfd1 f5 25. d4 cxd4 26. Rxd4 Rxd4 27. Rxd4 Bc8 28. Qd3 Qg5 29. h4 Qf6 30. a4 e5 31. Rd6 Qe7 32. Qd5+ Kh8 33. Qc6 e4 34. fxe4 fxe4 35. Rd4 Bg4 36. Kh2 Bf3 37. Rd7 Qa3 0-1

[Event "LTU-chT (Women)"]
[Site "Vilnius"]
[Date "2017.01.29"]
[Round "2.2"]
[White "Kaspute, Vesta"]
[Black "Karsokaite, Irena"]
[Result "1-0"]
[WhiteElo "2068"]
[BlackElo "1584"]
[PlyCount "105"]
[EventDate "2017.01.28"]
[EventType "team-tourn"]
[EventRounds "7"]
[EventCountry "LTU"]
[SourceTitle "EXT 2018"]
[Source "ChessBase"]
[SourceDate "2017.10.13"]
[SourceVersion "1"]
[SourceVersionDate "2017.10.13"]
[SourceQuality "1"]
[WhiteTeam "Vilnius MRU (W)"]
[BlackTeam "LASF (W)"]
[WhiteTeamCountry "LTU"]
[BlackTeamCountry "LTU"]

1. e4 e5 2. Nf3 Nc6 3. Bb5 a6 4. Ba4 Nf6 5. 0-0 b5 6. Bb3 Be7 7. Qe2 d6 8. c3 0-0 9. Rd1 Bb7 10. d4 Qc8 11. Bg5 h6 12. Bxf6 Bxf6 13. d5 Ne7 14. a4 c6 15. dxc6 Qxc6 16. Bc2 Rfd8 17. axb5 axb5 18. Na3 Ba6 19. Bd3 Rab8 20. Nc2 Bc8 21. Ra5 Bd7 22. Rda1 Rb6 23. Nb4 Qb7 24. Ra7 Qc8 25. Ne1 Rb7 26. R7a5 Nc6 27. Nxc6 Qxc6 28. Nc2 Rdb8 29. Nb4 Qc8 30. Ra6 Rb6 31. Rxb6 Rxb6 32. Ra5 Qb7 33. Qf1 Bd8 34. Qa1 Be6 35. Ra8 Qd7 36. b3 Kh7 37. Qa7 Qxa7 38. Rxa7 f6 39. Ra8 Be7 40. Re8 Rb7 41. Nd5 Bxd5 42. exd5+ g6 43. Bxb5 Rxb5 44. Rxe7+ Kg8 45. b4 Rxd5 46. Kf1 Rd3 47. Rc7 d5 48. Ke2 e4 49. b5 d4 50. b6 dxc3 51. b7 Rd2+ 52. Ke3 Rd3+ 53. Kxe4 1-0

[Event "WchT Amateur"]
[Site "Kaunas"]
[Date "2016.11.21"]
[Round "2.3"]
[White "Karsokaite, Irena"]
[Black "Salna, Aleksandras"]
[Result "0-1"]
[WhiteElo "1593"]
[BlackElo "1936"]
[PlyCount "46"]
[EventDate "2016.11.20"]
[EventType "team-swiss"]
[EventRounds "9"]
[EventCountry "LTU"]
[SourceTitle "CBM 175 Extra"]
[Source "ChessBase"]
[SourceDate "2016.12.12"]
[SourceVersion "1"]
[SourceVersionDate "2016.12.12"]
[SourceQuality "1"]
[WhiteTeam "Lithuania Margiris (W)"]
[BlackTeam "Lithuania AG"]
[WhiteTeamCountry "LTU"]
[BlackTeamCountry "LTU"]

1. e4 e6 2. d4 d5 3. Nd2 Nc6 4. c3 e5 5. exd5 Qxd5 6. Ndf3 exd4 7. Nxd4 Nxd4 8. Qxd4 Qxd4 9. cxd4 Be6 10. Nf3 0-0-0 11. a3 Bd5 12. Be3 Ne7 13. Be2 Nf5 14. Rd1 g6 15. 0-0 Re8 16. Ne5 f6 17. Ng4 Bg7 18. Bd3 h5 19. Bxf5+ gxf5 20. Nxf6 Bxf6 21. Bf4 Rhg8 22. f3 Re2 23. Rd2 Rgxg2+ 0-1

[Event "LTU-ch Blind and Visually Impaired (W)"]
[Site "Vilnius"]
[Date "2016.04.21"]
[Round "1.1"]
[White "Karsokaite, Irena"]
[Black "Staskeviciute, Darija"]
[Result "1/2-1/2"]
[WhiteElo "1614"]
[BlackElo "1377"]
[PlyCount "65"]
[EventDate "2016.04.21"]
[EventType "tourn"]
[EventRounds "5"]
[EventCountry "LTU"]
[SourceTitle "EXT 2024"]
[Source "ChessBase"]
[SourceDate "2023.10.10"]
[SourceVersion "1"]
[SourceVersionDate "2023.10.10"]
[SourceQuality "1"]

1. e4 c5 2. Nf3 d6 3. d4 cxd4 4. Nxd4 Nf6 5. Nc3 a6 6. Be2 e6 7. f4 Be7 8. 0-0 b5 9. a3 Bb7 10. Bf3 Qc7 11. Be3 0-0 12. Qe1 Nc6 13. Rd1 Rac8 14. Qg3 Rfd8 15. f5 Nxd4 16. Bxd4 e5 17. Be3 Qb8 18. Bh6 Bf8 19. Bg5 Be7 20. Bh6 Bf8 21. Rd2 Qc7 22. Rfd1 Kh8 23. Be3 Qb8 24. h4 Qa8 25. Nd5 Bxd5 26. exd5 Qb7 27. c3 Qd7 28. Qh3 Be7 29. g4 Rc4 30. Kf2 Ng8 31. Rh1 Nf6 32. h5 h6 33. Rdd1 1/2-1/2

[Event "LTU-ch (Women)"]
[Site "Vilnius"]
[Date "2016.03.10"]
[Round "6"]
[White "Simkunaite, Gabija"]
[Black "Karsokaite, Irena"]
[Result "1-0"]
[WhiteElo "1458"]
[BlackElo "1611"]
[PlyCount "115"]
[EventDate "2016.03.06"]
[EventType "swiss"]
[EventRounds "7"]
[EventCountry "LTU"]
[SourceTitle "CBM 171 Extra"]
[Source "ChessBase"]
[SourceDate "2016.04.26"]
[SourceVersion "1"]
[SourceVersionDate "2016.04.26"]
[SourceQuality "1"]

1. e4 c5 2. c3 Nc6 3. d4 cxd4 4. cxd4 d6 5. Nc3 a6 6. f4 e6 7. Nf3 Nf6 8. Be2 d5 9. e5 Nd7 10. Be3 Be7 11. 0-0 Nb6 12. a3 0-0 13. Rc1 Bd7 14. Nd2 Rc8 15. Rf3 f6 16. Rh3 f5 17. Kh1 Be8 18. g4 Na5 19. gxf5 exf5 20. Bf3 Bf7 21. Qe2 Nac4 22. Nxc4 Nxc4 23. Bf2 Rc6 24. a4 Rb6 25. Rb1 Bb4 26. Na2 Nd2 27. Rd1 Ne4 28. Bxe4 dxe4 29. d5 e3 30. Bxe3 Bxd5+ 31. Kg1 Rg6+ 32. Rg3 Rxg3+ 33. hxg3 a5 34. Nxb4 axb4 35. Qd3 Kh8 36. Qxd5 Qa8 37. b3 Qa6 38. Qd6 Kg8 39. Qxb4 Qe2 40. Qc4+ Qxc4 41. bxc4 Ra8 42. e6 Kf8 43. Bc5+ Ke8 44. e7 Rc8 45. Rd8+ Rxd8 46. exd8Q+ Kxd8 47. Bb6+ Kd7 48. Kf2 Kc6 49. a5 g6 50. Kf3 Kd6 51. g4 Ke6 52. gxf5+ Kxf5 53. c5 h5 54. c6 bxc6 55. a6 h4 56. a7 h3 57. a8Q h2 58. Qh8 1-0

[Event "LTU-chT (Women)"]
[Site "Vilnius"]
[Date "2016.02.07"]
[Round "5.1"]
[White "Karsokaite, Irena"]
[Black "Zaksaite, Salomeja"]
[Result "0-1"]
[WhiteElo "1611"]
[BlackElo "2231"]
[PlyCount "62"]
[EventDate "2016.01.23"]
[EventType "team-swiss"]
[EventRounds "7"]
[EventCountry "LTU"]
[SourceTitle "EXT 2017"]
[Source "ChessBase"]
[SourceDate "2016.10.25"]
[SourceVersion "1"]
[SourceVersionDate "2016.10.25"]
[SourceQuality "1"]
[WhiteTeam "LASF (W)"]
[BlackTeam "Vilnius MRU (W)"]
[WhiteTeamCountry "LTU"]
[BlackTeamCountry "LTU"]

1. e4 c5 2. Nc3 Nc6 3. g3 g6 4. Bg2 Bg7 5. d3 e6 6. Be3 Nd4 7. Qd2 Ne7 8. Nge2 Rb8 9. 0-0 0-0 10. Nd1 b6 11. c3 Nxe2+ 12. Qxe2 Ba6 13. f4 d5 14. e5 d4 15. cxd4 Nf5 16. Bf2 Nxd4 17. Bxd4 Qxd4+ 18. Nf2 Rbd8 19. Be4 f5 20. exf6 Bxf6 21. b3 e5 22. f5 gxf5 23. Bxf5 Bg5 24. Bxh7+ Kxh7 25. Qh5+ Bh6 26. Kg2 Bb7+ 27. Ne4 Bxe4+ 28. dxe4 Qxe4+ 29. Kg1 Qe3+ 30. Kg2 Rd2+ 31. Kh1 Qe4+ 0-1

[Event "LTU-chT (Women)"]
[Site "Vilnius"]
[Date "2016.02.06"]
[Round "3.1"]
[White "Karsokaite, Irena"]
[Black "Meskenaite, Rugile"]
[Result "0-1"]
[WhiteElo "1611"]
[BlackElo "1669"]
[PlyCount "64"]
[EventDate "2016.01.23"]
[EventType "team-swiss"]
[EventRounds "7"]
[EventCountry "LTU"]
[SourceTitle "EXT 2017"]
[Source "ChessBase"]
[SourceDate "2016.10.25"]
[SourceVersion "1"]
[SourceVersionDate "2016.10.25"]
[SourceQuality "1"]
[WhiteTeam "LASF (W)"]
[BlackTeam "Plunge Bokstas (W)"]
[WhiteTeamCountry "LTU"]
[BlackTeamCountry "LTU"]

1. e4 e5 2. Nf3 Nc6 3. Bb5 a6 4. Ba4 Nf6 5. 0-0 b5 6. Bb3 Bc5 7. d3 d6 8. h3 Na5 9. c3 Nxb3 10. axb3 Bb7 11. b4 Bb6 12. Nbd2 0-0 13. Nb3 h6 14. Na5 Bc8 15. Nc6 Qe8 16. Na5 Nh7 17. Nh4 f5 18. Nxf5 Bxf5 19. exf5 Rxf5 20. Qg4 Rf6 21. Be3 Qf7 22. Nc6 Rf8 23. Bxb6 cxb6 24. Rxa6 Rxf2 25. Rxf2 Qxf2+ 26. Kh2 Ng5 27. Ne7+ Kh7 28. h4 Rf4 29. Qxf4 Qxf4+ 30. Kg1 Qxh4 31. Rxb6 Qg3 32. Nf5 Nf3+ 0-1

[Event "LTU-chT (Women)"]
[Site "Lithuania"]
[Date "2015.03.29"]
[Round "7.5"]
[White "Karsokaite, Irena"]
[Black "Semonaviciute, Migle"]
[Result "0-1"]
[WhiteElo "1612"]
[BlackElo "1690"]
[PlyCount "78"]
[EventDate "2015.01.24"]
[EventType "team-swiss"]
[EventRounds "7"]
[EventCountry "LTU"]
[SourceTitle "EXT 2018"]
[Source "ChessBase"]
[SourceDate "2017.10.13"]
[SourceVersion "1"]
[SourceVersionDate "2017.10.13"]
[SourceQuality "1"]
[WhiteTeam "LASF (W)"]
[BlackTeam "Siauliai Fortuna (W)"]
[WhiteTeamCountry "LTU"]
[BlackTeamCountry "LTU"]

1. e4 d5 2. exd5 Nf6 3. Bc4 Nxd5 4. Qf3 e6 5. Nc3 Nxc3 6. Qxc3 Qg5 7. Qf3 Nc6 8. d3 Qe5+ 9. Qe3 Bc5 10. Qxe5 Nxe5 11. Bb3 Ng4 12. Nh3 b5 13. f3 Ne3 14. Bxe3 Bxe3 15. Ke2 Bb6 16. Rhe1 Bb7 17. Kf1 c5 18. Rad1 Rd8 19. Ng5 0-0 20. Ne4 Rfe8 21. c3 a5 22. a3 Rd7 23. c4 Ba6 24. cxb5 Bxb5 25. Bc4 Bc6 26. Rd2 Red8 27. Ng5 a4 28. b4 axb3 29. Rb2 Ba5 30. Ree2 Ba4 31. Ne4 Rd4 32. Nxc5 Rxc4 33. dxc4 Rd1+ 34. Kf2 Bb6 35. Kg3 Bxc5 36. Red2 Rxd2 37. Rxd2 g6 38. Rd8+ Kg7 39. Ra8 b2 0-1

[Event "LTU-chT (Women)"]
[Site "Lithuania"]
[Date "2014.03.15"]
[Round "4"]
[White "Karsokaite, Irena"]
[Black "Juciute, Henrieta"]
[Result "0-1"]
[WhiteElo "1620"]
[BlackElo "1843"]
[PlyCount "114"]
[EventDate "2014.02.08"]
[EventType "team-tourn"]
[EventRounds "5"]
[EventCountry "LTU"]
[SourceTitle "EXT 2016"]
[Source "ChessBase"]
[SourceDate "2015.10.08"]
[SourceVersion "1"]
[SourceVersionDate "2015.10.08"]
[SourceQuality "1"]

1. e4 e5 2. Nf3 Nc6 3. Bb5 a6 4. Ba4 Nf6 5. 0-0 b5 6. Bb3 h6 7. c3 Be7 8. Re1 0-0 9. d4 d6 10. h3 Nh7 11. Nbd2 Ng5 12. Nf1 Nxf3+ 13. Qxf3 exd4 14. cxd4 Nxd4 15. Qg3 Bh4 16. Qd3 Nxb3 17. Qxb3 Re8 18. Bf4 Bb7 19. Nd2 Qf6 20. g3 Bg5 21. Bxg5 Qxg5 22. Re3 Re7 23. Rae1 Rae8 24. Kh2 d5 25. f4 Qf6 26. e5 Qb6 27. Nf3 c5 28. Nh4 d4 29. R3e2 Qe6 30. Qxe6 Rxe6 31. Nf5 Rd8 32. Rd2 d3 33. g4 Kf8 34. Rc1 c4 35. Nd6 Bd5 36. a3 f6 37. Rf1 Kg8 38. Re1 Bc6 39. Nf5 fxe5 40. fxe5 Rd5 41. Kg3 Rdxe5 42. Rxe5 Rxe5 43. Kf2 a5 44. Ne3 Re4 45. Nf5 Bd7 46. Ne3 b4 47. axb4 axb4 48. Nd5 b3 49. Nc3 Re8 50. Nd5 Kf7 51. Nc3 h5 52. Kg3 hxg4 53. hxg4 Re1 54. g5 Rc1 55. Kf4 Rc2 56. Ne4 Bc6 57. Nd6+ Ke6 0-1

[Event "Vilnius-ch blind and visually impaired"]
[Site "Vilnius"]
[Date "2014.03.13"]
[Round "9.5"]
[White "Karsokaite, Irena"]
[Black "Grybas, Gintaras"]
[Result "0-1"]
[WhiteElo "1646"]
[BlackElo "1975"]
[PlyCount "34"]
[EventDate "2014.03.08"]
[EventType "tourn"]
[EventRounds "9"]
[EventCountry "LTU"]
[SourceTitle "EXT 2024"]
[Source "ChessBase"]
[SourceDate "2023.10.10"]
[SourceVersion "1"]
[SourceVersionDate "2023.10.10"]
[SourceQuality "1"]

1. d4 d5 2. c4 c6 3. Nf3 Bf5 4. e3 e6 5. Nc3 Nf6 6. Bd3 Bg6 7. Qc2 Nbd7 8. Bxg6 hxg6 9. cxd5 cxd5 10. Ne5 Nxe5 11. dxe5 Nd7 12. f4 Bb4 13. Bd2 Qb6 14. 0-0 Rc8 15. Qa4 Bxc3 16. Bxc3 Qxe3+ 17. Kh1 Qg3 0-1

[Event "Vilnius-ch blind and visually impaired"]
[Site "Vilnius"]
[Date "2014.03.12"]
[Round "8.1"]
[White "Slusnys, Evaldas"]
[Black "Karsokaite, Irena"]
[Result "1-0"]
[WhiteElo "1913"]
[BlackElo "1646"]
[PlyCount "57"]
[EventDate "2014.03.08"]
[EventType "tourn"]
[EventRounds "9"]
[EventCountry "LTU"]
[SourceTitle "EXT 2024"]
[Source "ChessBase"]
[SourceDate "2023.10.10"]
[SourceVersion "1"]
[SourceVersionDate "2023.10.10"]
[SourceQuality "1"]

1. e4 e5 2. Nf3 Nc6 3. d4 exd4 4. Nxd4 Bc5 5. Nb3 Bb4+ 6. c3 Be7 7. Bf4 d6 8. N1d2 Nf6 9. Qc2 0-0 10. Nf3 h6 11. Bd3 Nh5 12. Be3 Ne5 13. Be2 Nxf3+ 14. Bxf3 Nf6 15. 0-0-0 Qe8 16. Nd4 Ng4 17. Bxg4 Bxg4 18. f3 Bd7 19. g4 a5 20. Qd2 b5 21. Nf5 Bxf5 22. gxf5 Kh7 23. Rhg1 Rg8 24. Rg3 f6 25. Rg6 Qf7 26. Kb1 b4 27. c4 c5 28. Bxh6 Qxc4 29. Bxg7 1-0

[Event "LTU-chT (Women)"]
[Site "Lithuania"]
[Date "2014.02.08"]
[Round "2"]
[White "Karsokaite, Irena"]
[Black "Vedrickiene, Jovita"]
[Result "0-1"]
[WhiteElo "1620"]
[BlackElo "2040"]
[PlyCount "60"]
[EventDate "2014.02.08"]
[EventType "team-tourn"]
[EventRounds "5"]
[EventCountry "LTU"]
[SourceTitle "EXT 2016"]
[Source "ChessBase"]
[SourceDate "2015.10.08"]
[SourceVersion "1"]
[SourceVersionDate "2015.10.08"]
[SourceQuality "1"]

1. e4 c5 2. Nc3 Nc6 3. g3 g6 4. Bg2 Bg7 5. d3 e6 6. Be3 d6 7. Qd2 Nd4 8. Nd1 e5 9. c3 Ne6 10. Ne2 Ne7 11. f4 f5 12. 0-0 0-0 13. fxe5 dxe5 14. exf5 gxf5 15. Nf2 Rf6 16. Nh3 Nd5 17. Rad1 Nxe3 18. Qxe3 Qc7 19. Bd5 Kh8 20. Kg2 Bd7 21. Ng5 Nxg5 22. Qxg5 Bc6 23. Bxc6 Qxc6+ 24. Kg1 Bh6 25. Qh4 Be3+ 26. Rf2 Raf8 27. Qh3 Qf3 28. Qf1 f4 29. gxf4 Rg8+ 30. Ng3 Bxf2+ 0-1

[Event "IBCA Wch blind (Women)"]
[Site "Belgrade"]
[Date "2013.08.23"]
[Round "2"]
[White "Benkunskiene, Violeta"]
[Black "Karsokaite, Irena"]
[Result "1/2-1/2"]
[WhiteElo "1640"]
[BlackElo "1640"]
[PlyCount "65"]
[EventDate "2013.08.22"]
[EventType "swiss"]
[EventRounds "9"]
[EventCountry "SRB"]
[SourceTitle "EXT 2015"]
[Source "ChessBase"]
[SourceDate "2014.11.20"]
[SourceVersion "1"]
[SourceVersionDate "2014.11.20"]
[SourceQuality "1"]

1. e4 e6 2. d4 d5 3. Nc3 dxe4 4. Nxe4 Bb4+ 5. Bd2 Bxd2+ 6. Qxd2 Nf6 7. Nxf6+ Qxf6 8. c3 0-0 9. Nf3 Nd7 10. Bd3 h6 11. 0-0 c6 12. Rfe1 b6 13. Ne5 Nxe5 14. Rxe5 Bb7 15. Ree1 Rad8 16. Qe2 Rd7 17. Qe4 g6 18. Qe3 Kg7 19. Rad1 Rfd8 20. Bc2 Rd5 21. Bb3 Rf5 22. Bc2 Rg5 23. g3 c5 24. dxc5 Rxc5 25. Rxd8 Qxd8 26. Rd1 Rd5 27. Rxd5 Qxd5 28. Qd4+ Qxd4 29. cxd4 g5 30. Kf1 Kf6 31. Ke2 e5 32. dxe5+ Kxe5 33. Ke3 1/2-1/2

[Event "Vilnius Saltinis op"]
[Site "Vilnius"]
[Date "2013.06.28"]
[Round "7"]
[White "Karsokaite, Irena"]
[Black "Valenta, Alvydas"]
[Result "1-0"]
[WhiteElo "1623"]
[BlackElo "1740"]
[PlyCount "61"]
[EventDate "2013.06.24"]
[EventType "swiss"]
[EventRounds "9"]
[EventCountry "LTU"]
[SourceTitle "CBM 155 Extra"]
[Source "ChessBase"]
[SourceDate "2013.08.26"]
[SourceVersion "1"]
[SourceVersionDate "2013.08.26"]
[SourceQuality "1"]

1. e4 e5 2. Nf3 Nc6 3. Bb5 a6 4. Ba4 b5 5. Bb3 Na5 6. 0-0 Nxb3 7. axb3 d6 8. h3 Nf6 9. d3 Be7 10. Nc3 Bb7 11. Ne2 0-0 12. Ng3 Re8 13. Nf5 Bf8 14. Nh2 h6 15. Ng4 Nxg4 16. Qxg4 Kh7 17. f4 Bc8 18. Rf3 Qf6 19. fxe5 Rxe5 20. Bd2 g6 21. Qh4 Qxh4 22. Nxh4 Be6 23. g4 Be7 24. Ng2 Bg5 25. Bc3 Rc5 26. d4 Rc6 27. d5 Bxd5 28. exd5 Rc5 29. Rxf7+ Kg8 30. Rg7+ Kf8 31. Rf1+ 1-0